000 00810nam a2200205Ii 4500
003 JO-AjNU
008 230605s9999||||xx |||||||||||||| ||und||
040 _aJO-AjNU
_bara
_erda
_cJO-AjNU
041 _aara
050 1 4 _aD535.63.D57 1990
100 3 _aتاليف محاسنة، محمد حسين... وآخرون ،م.مشارك عصام عبد العزيز ارشيدات، م.مشارك حمدان رشيد الجمال، م.مشارك علي حسن الرقاوي,
_eauthor
_939279
245 0 0 _aدراسات في التاريخ الاسلامي
250 _aط1
264 3 1 _aاربد: دار الامل، 1990
300 _a160ص
336 _atext
_btxt
_2rdacontent
337 _aunmediated
_bn
_2rdamedia
338 _avolume
_bnc
_2rdacarrier
650 4 _aالتاريخ الاسلامي
_939280
999 _aA16576
_c20144
_d20144